000 00655nam a22002177a 4500
005 20251108170556.0
008 250721s9999 xx 000 0 ara d
082 1 4 _aط/ق/قطب
100 1 _aقطب، محمد علي
245 1 0 _aالكعبة ... قبلتنا /
264 1 _aالقاهرة :
_bدار الفكر العربي،
_c[19-].
300 _a16ص.
490 0 _aأطفالنا في رحاب السنة الشريفة
_v21
650 1 7 _aالكعبة
650 1 7 _aالقبلة
650 1 7 _aالصلوات
653 _aناشئون صغار(10-14)سنة
700 1 _aقطب، محمد
_eCart.
942 _2ddc
_cBK
999 _c43901
_d43901